| 000 | 01425nam a2200349 c 4500 | ||
|---|---|---|---|
| 003 | BLK | ||
| 005 | 20250714175350.0 | ||
| 008 | 180408b bul|||||r ||||||| ||bul|| | ||
| 010 | _aKNG00066690000 | ||
| 020 |
_a954-8793-86-3 _bиздат.: ЕМАС |
||
| 040 | _aBLK | ||
| 041 |
_aBUL _cBUL |
||
| 080 |
_aАмериканска литература (на САЩ) _b821.111(73) _x-312.6 _z821.111(73)-312.6 |
||
| 100 | 1 |
_aУилямс, Мириам _eпърви автор _9290788 |
|
| 700 | 1 |
_aМатева, Красимира _eпрев. от англ. _9363624 |
|
| 139 |
_aУилямс, Мириам _bУ 40 |
||
| 245 | 1 | 0 |
_aНебесни блудници _bМоите петнадесет г. като свещена проститутка в сектата "Деца на Бога" _cМириам Уилямс; прев. от англ. Красимира Матева. |
| 257 | _aUSA | ||
| 260 |
_аСофия _bЕМАС _c2004 _fСофия : Балкан прес |
||
| 300 |
_a384 с. _c20 см |
||
| 380 | _aX | ||
| 490 | 1 | _aПреживяно | |
| 500 | _aОриг. загл. Heaven's Harlots / Miriam Williams. | ||
| 653 | _aсекти | ||
| 653 | _aроманизувани биографии | ||
| 852 | _aЦб 228281 | ||
| 856 | 4 |
_qpdf _u |
|
| 856 | 4 |
_qpdf _u |
|
| 942 |
_cKNG _n0 _023 |
||
| 944 |
_aCR _c26.06.2006 _lЦветомила Тодорова _k30576 |
||
| 944 |
_aED _c13.02.2013 _lф / _k |
||
| 999 |
_c62466 _d62466 |
||